Les clubs les plus représentés à la Coupe du Monde 2022 ! - Statistiques

Statistiques générales
  • Ce quiz a été pris 625 fois
  • Le résultat moyen est 20 sur 28
Statistiques - réponses
Pays Club Joueurs % Correct
Allemagne Bayern Munich 18
98%
Espagne FC Barcelone 17
97%
Espagne Real Madrid 14
97%
France Paris SG 11
96%
Angleterre Manchester City 17
95%
Angleterre Manchester United 14
94%
Italie Juventus Turin 11
90%
Italie AC Milan 7
89%
Allemagne Borussia Dortmund 11
89%
Italie Inter Milan 11
88%
Angleterre Liverpool 7
88%
Angleterre Chelsea 13
87%
France Olympique de Marseille 8
85%
Pays-Bas Ajax Amsterdam 11
84%
Espagne Atletico Madrid 11
84%
Angleterre Arsenal 10
81%
Portugal FC Porto 7
74%
Angleterre Tottenham Hostpur 11
72%
Espagne FC Séville 10
67%
Belgique Club Bruges 9
62%
Allemagne RB Leipzig 8
52%
France Stade Rennais 8
51%
Arabie Saoudite Al-Nassr 7
40%
Arabie Saoudite Al-Hilal 12
35%
Angleterre Leicester City 7
29%
Angleterre Brighton & Hove 8
19%
Qatar Al-Sadd 14
5%
Qatar Al-Duhail 7
3%
Aucun quiz correspondant
Distribution des résultats
% des personnes avec chaque résultat
Percentile par nombre de réponses
Votre historique - résultats
Vous n’avez pas pris ce quiz